000 00478cam a22001934a 4500
005 20250605164301.0
008 250528s ||||||||||||||||||||||||d
035 _a22096
020 _a9781849200080
040 _aGR-AtMCL
_bgre
_dGR-AtMCL
_eAACR2
245 1 _aLANGUAGE AND LITERACY IN THE EARLY YEARS 0-7
250 _a4
260 _bSage Publications,
_c2010
300 _a248
700 1 _aWhitehead Marian
_96328
942 _cBK
999 _c7152
_d7152